| 000 | 01308nam0a2200313 4500 | ||
|---|---|---|---|
| 001 | RU\NLR\bibl\1874314 | ||
| 005 | 20260406001713.0 | ||
| 010 |
_a978-5-94260-065-5 _9500 |
||
| 021 |
_aRU _b2012-7925 _9585 |
||
| 035 | _a(NLR Aleph) 001864130 | ||
| 090 |
_a2571931 _c2571931 |
||
| 100 | _a20120227d2012 |||y0rusy50 ca | ||
| 101 | 0 | _arus | |
| 102 | _aRU | ||
| 105 | _ay ||||||||| | ||
| 200 | 1 |
_aПорча земли: криминалистическое обеспечение расследования _eмонография _fП.Ю. Иванов |
|
| 210 |
_aНижний Новгород _cНижегородский коммерческий институт _d2012 |
||
| 215 |
_a128 с. _d20 |
||
| 320 | _aБиблиогр.: с. 119-128 (122 назв.) и в подстроч. примеч. | ||
| 606 | 1 |
_aЗемли _xПорча _xРасследование _yРоссийская Федерация _92521576 _3RU\NLR\auth\661494181 |
|
| 686 | _aХ629.431.624 | ||
| 700 | 1 |
_4070 _8rus _7ca _aИванов _bП. Ю. _cканд. юрид. наук, зем. право _f1970- _gПавел Юрьевич _3RU\NLR\auth\77111259 _994184 |
|
| 801 | 0 |
_aRU _bNLR _c20120227 _gRCR |
|
| 801 | 1 |
_aRU _bNLR _c20120227 |
|
| 830 | _aавт. по кн. | ||
| 942 | _cBOOK | ||
| 980 | _aNB | ||
| 980 | _aNBR | ||